| 000 | 00767nam a22002417a 4500 | ||
|---|---|---|---|
| 999 |
_c10991 _d10991 |
||
| 003 | AR-CdUCM | ||
| 008 | 190402b ||||| |||| 00| 0 spa d | ||
| 040 |
_aMUNICIPALIDAD PROVINCIAL DEL CUSCO _cBIBLIOTECA MUNICIPAL DEL CUSCO |
||
| 041 | _hfre | ||
| 082 |
_a848.9 / _bM259C / 1947 |
||
| 100 |
_aMalraux, André _98794 |
||
| 245 | _aLos Conquistadores / | ||
| 260 |
_aBuenos Aires : _bArgonauta, _c1947. |
||
| 300 |
_a197 páginas ; _c19 cm. |
||
| 500 | _aDonación de la familia Nieto. Libro dañado. | ||
| 505 | _aContenido: En las proximidades -- Potencias -- El hombre. | ||
| 650 |
_aNovela _95 |
||
| 650 |
_aSiglo XX _98 |
||
| 650 |
_aLiteratura Latinoamericana _9799 |
||
| 700 |
_aViana, Jose (traductor) _928093 |
||
| 942 |
_2ddc _cLIBROS |
||
| 945 | _acmm | ||